| 000 | 01226 a2200337 4500 | ||
|---|---|---|---|
| 001 | 200422577 | ||
| 999 |
_c200422577 _d39562 |
||
| 003 | TR-AnTOB | ||
| 005 | 20240823143054.0 | ||
| 008 | 150731t2015 tu 000 0 d | ||
| 020 | _a9786054847761 | ||
| 040 |
_beng _dTR-AnTOB _erda |
||
| 041 | _atur | ||
| 050 | 4 |
_aK4610 _b.K233 2015 |
|
| 090 | _aK4610 .K233 2015 | ||
| 100 | 1 |
_aKaya, Talat _9108231 |
|
| 245 | 1 | 0 |
_aDünya Ticaret Örgütü (DTÖ) anlaşmalarının hukukta uygulanması : _bABD, AB ve Türkiye örnekleri / _cTalat Kaya. |
| 264 | 1 |
_aİstanbul: _bLegal, _c2015. |
|
| 264 |
_a _b, _c© 2015 |
||
| 300 |
_axx, 249 pages ; _c24 cm. |
||
| 336 |
_atext _2rdacontent |
||
| 337 |
_aunmediated _2rdamedia |
||
| 338 |
_avolume _2rdacarrier |
||
| 490 | 0 |
_aHukuk kitapları serisi ; _v305. |
|
| 500 | _aIncludes bibliographical references. | ||
| 505 | 0 | _aI. Küreselleşme ve DTÖ'nün Doğuşu II. DTÖ Anlaşmaları ile DTÖ Panel ve Temyiz Organı Raporlarının DTÖ Üyelerinin İç Hukuklarındaki Statüsü -- III. Sonuç ve Değerlendirme. | |
| 590 | _aDonated by Talat Kaya. | ||
| 610 | 2 | 0 |
_aWorld Trade Organization _928777 |
| 610 | 2 | 0 |
_aWorld Trade Organization _928777 |
| 942 | _cBK | ||